Color the Historical Flags #2 - Statistics

General Stats
  • This quiz has been taken 425 times
  • The average score is 4 of 6
Answers on the Map
Answers color-coded by a green-red scale on the quiz's map according to % correct below.
 
Answer Stats
Answer % Correct
Red
89%
White
84%
Yellow/Gold
84%
Black
77%
Blue
52%
Green
41%
No matching quizzes found
Score Distribution
Percent of People with Each Score
Percentile by Number Answered
Your Score History
You have not taken this quiz